1357 1289 1029 1490 1948 1305 1661 1640 1881 1824 1093 1893 1018 1222 1834 1984 1391 1456 1599 1033 1875 1804 1280 1850 1207 1680 1159 1805 1358 1013 1135 1383 1269 1948 1785 1414 1319 1194 1662 1759 1717 1170 1011 1054 1001 1562 1064 1664 1784 1201 1592 1227 1834 1509 1465 1365 1707 1058 1510 1088 1180 1649 1596 1577 1924 1948 1394 1426 1597 1725 1202 1244 1626 1628 1415 1648 1367 1840 1609 1342 1195 1047 1465 1818 1408 1124 1633 1520 1672 1394 1864 1682 1338 1193 1938 1480 1826 1722 1001 BCNSPRNW ULIB Ver.6.0+V

เปลี่ยนเป็นภาษาไทย

Change to English
 แสดงรายละเอียดบรรณานุกรม
  กลับหน้าหลัก

Brief Record : Get Marc (ISO 2709) : E-mail record : QR code < ปิดหน้าต่าง
LEADER : 00000nam 2200000uu 4500
001    13399112203
003     ULIB
008    110801s2554||||th 000 0 tha d
020    9786167138183
090    นว.^bอ657 2554
100 0  อาริตา
245 00 ลิขิตไฟในผืนทราย./^cอาริตา
260    กรุงเทพฯ:^bลีลา,^c2554.
300    352 หน้า
945    ^p280^l0^i18459
995    เกษร
999 ^a ใช้งานได้ทุกระบบ
รายการนี้ยังไม่มีแท็ก
คุณยังไม่ได้ล็อกอิน คุณสามารถมีกิจกรรมร่วมกับเว็บไซต์ได้ แต่ต้องล็อกอินก่อน ::
  ล็อกอิน

รายการสื่อสารสนเทศ

ลำดับที่ ประเภท เลขเรียก/บาร์โค้ด สถานที่ สถานะ
1. วิทยาศาสตร์การแพทย์ และสุขภาพ
วิทยาศาสตร์การแพทย์ และสุขภาพ
นว. อ657 2554  
  Barcode: 18459
ห้องสมุดวิทยาเขตสวรรค์ประชารักษ์
►นวนิยาย
บนชั้น
  ขอยืม

รายการใกล้เคียง
    ผู้แต่ง [อาริตา]

BibComment


ยังไม่เคยถูกคอมเมนท์

คอมเมนท์ทรัพยากรรายการนี้
  คอมเมนท์: ลิขิตไฟในผืนทราย ..


 Copyright 2026. Bcnsprnw @Library